Judo : 3. a 4. kyu /

Hlavní autor: Lebeda, Adolf Andrej, 1913-1997
Jazyk: Čeština
Vydáno: Praha : Státní tělovýchovné nakladatelství 1956
Vydání: 1. vyd.
Fyzický popis: 143 s. : il.
Knihy
Uloženo v:
LEADER 00711nam a22002292a 4500
001 001443844
003 CZ BrMZK
005 20141216135345.0
007 ta
008 141211s1956 xr a er|||||||||||cze d
015 |a cnb000725135 
035 |a (OCoLC)85456286 
040 |a ABA001  |b cze  |c KLG001  |d ABA001  |d BOA001 
100 1 |a Lebeda, Adolf Andrej,  |d 1913-1997  |7 jk01071713  |4 aut 
245 1 0 |a Judo :  |b 3. a 4. kyu /  |c Adolf A. Lebeda 
250 |a 1. vyd. 
260 |a Praha :  |b Státní tělovýchovné nakladatelství  |c 1956 
300 |a 143 s. :  |b il. 
910 |a BOA001  |b 2-0369.283 
990 |a BK 
991 |b 201412 
996 6 |b 2619151016  |c 2-0369.283  |l MZK  |r Sklad / do 24 hodin  |n 0  |w 001478696  |u 000010  |a 1  |e BOA001  |j MZK50  |s P